Échelle de mots : de chat à chien - Statistiques

Statistiques générales
  • Ce quiz a été pris 4 724 fois
  • Le résultat moyen est 11 sur 15
Statistiques - réponses
Hint Réponse % Correct
Félin Chat
100%
Silence ! Chut
98%
Défèque Chie
97%
Canin Chien
96%
Action de tomber Chute
95%
Hurle Crie
92%
Mignon Cute
82%
Poisson plat Raie
77%
Calcaire Craie
70%
Tondre Rase
68%
Stratégie Ruse
61%
Inspiration féminine poétique Muse
55%
Malin Fute
52%
Obstiné Bute
51%
Jaillit Fuse
46%
Aucun quiz correspondant
Distribution des résultats
% des personnes avec chaque résultat
Percentile par nombre de réponses
Votre historique - résultats
Vous n’avez pas pris ce quiz